Sports Quiz

Random Sports or NCAA Quiz

Texas Longhorns Bowl Games Quiz Stats

Quiz not verified by Sporcle

Challenge
Share
Tweet
Embed
Score 0/52 Timer 10:00
0 Plays Today
Year Bowl Game % Correct
Jan2006Rose Bowl
87.4%
2009Fiesta Bowl
80.6%
2005Rose Bowl
80.6%
Jan2000Cotton Bowl
78.6%
Jan2003Cotton Bowl
76.7%
2013Alamo Bowl
75.7%
1943Cotton Bowl
73.8%
1999Cotton Bowl
73.8%
1944Cotton Bowl
72.8%
2011Holiday Bowl
72.8%
1946Cotton Bowl
71.8%
Jan1974Cotton Bowl
71.8%
Jan1982Cotton Bowl
71.8%
1991Cotton Bowl
71.8%
2012Alamo Bowl
70.9%
1951Cotton Bowl
70.9%
1953Cotton Bowl
70.9%
Jan1960Cotton Bowl
70.9%
1963Cotton Bowl
70.9%
1964Cotton Bowl
70.9%
1969Cotton Bowl
70.9%
1970Cotton Bowl
70.9%
1971Cotton Bowl
70.9%
1972Cotton Bowl
70.9%
1973Cotton Bowl
70.9%
Jan1978Cotton Bowl
70.9%
Year Bowl Game % Correct
Jan1984Cotton Bowl
70.9%
2007Holiday Bowl
70.9%
2001Holiday Bowl
69.9%
Dec2003Holiday Bowl
69.9%
1948Sugar Bowl
69.9%
Dec2006Alamo Bowl
68%
Dec2000Holiday Bowl
68%
1962Cotton Bowl
67%
1958Sugar Bowl
64.1%
2010BCS National Championship
64.1%
1965Orange Bowl
63.1%
1949Orange Bowl
59.2%
1997Fiesta Bowl
57.3%
Dec1995Sugar Bowl
55.3%
1994Sun Bowl
50.5%
1975*Bluebonnet Bowl*
44.7%
1979Sun Bowl
43.7%
Dec1960*Bluebonnet Bowl*
42.7%
1966*Bluebonnet Bowl*
42.7%
1980*Bluebonnet Bowl*
41.7%
Dec1982Sun Bowl
41.7%
1985*Bluebonnet Bowl*
39.8%
1987*Bluebonnet Bowl*
38.8%
Dec1978Sun Bowl
37.9%
Dec1974Gator Bowl
33%
Dec1984*Freedom Bowl*
24.3%

You're not logged in!

Compare scores with friends on all Sporcle quizzes.
Sign Up with Email
OR
Log In

You Might Also Like...

Show Comments

Extras

Top Quizzes Today


Score Distribution

Your Account Isn't Verified!

In order to create a playlist on Sporcle, you need to verify the email address you used during registration. Go to your Sporcle Settings to finish the process.